[Event "BCF-chT4 0304 (4NCL)"]
[Site "West Bromwich "]
[Date "2003.11.22"]
[Round "1.1"]
[White "Truslove, Arthur"]
[Black "Parker, Robert"]
[Result "1/2-1/2"]
[WhiteElo "1768"]
[BlackElo "2105"]
[PlyCount "47"]
[EventDate "2003.10.??"]
[EventType "team"]
[EventRounds "11"]
[EventCountry "ENG"]
[SourceTitle "EXT 2005"]
[Source "ChessBase"]
[SourceDate "2004.11.15"]
[SourceVersion "1"]
[SourceVersionDate "2004.11.15"]
[SourceQuality "1"]
[WhiteTeam "Hilsmark Kingfisher III"]
[BlackTeam "Mindsports II"]
[WhiteTeamCountry "ENG"]
[BlackTeamCountry "ENG"]

1. d4 Nf6 2. c4 e6 3. Nc3 Bb4 4. Qc2 c5 5. dxc5 Nc6 6. Nf3 0-0 7. a3 Bxc5 8. Bg5 Be7 9. e3 h6 10. Bh4 Qa5 11. Rd1 d5 12. Bxf6 Bxf6 13. cxd5 exd5 14. Be2 Be6 15. 0-0 Bxc3 16. Qxc3 Qxc3 17. bxc3 Rac8 18. Rb1 Na5 19. Rfc1 Rc7 20. Nd4 a6 21. Rb6 Rfc8 22. Nxe6 fxe6 23. Rxe6 Rxc3 24. Re8+ 1/2-1/2